O hospodárskej politike Európskej únie aj zo slovenského pohľadu

Vplyv únie na hospodársku politiku SR v predvstupovom období. Štruktúra hospodárskej politiky Európskej únie a hlavné črty jej fungovania. Ciele a zmeny v hospodárskej politike EÚ. Hospodárska politika EÚ v Zmluve zakladajúcej ústavu pre Európu.

Gespeichert in:
Bibliographische Detailangaben
1. Verfasser: Okáli, Ivan
Format: Buchkapitel
Sprache:Slowakisch
Schlagworte:
Tags: Tag hinzufügen
Keine Tags, Fügen Sie das erste Tag hinzu!

MARC

LEADER 00000naa$a2200000$$$4500
001 0011064
005 20231102102445.8
041 0 |a slo 
044 |a SK 
245 1 0 |a O hospodárskej politike Európskej únie aj zo slovenského pohľadu  |c aut. Ivan Okáli 
520 |a Vplyv únie na hospodársku politiku SR v predvstupovom období. Štruktúra hospodárskej politiky Európskej únie a hlavné črty jej fungovania. Ciele a zmeny v hospodárskej politike EÚ. Hospodárska politika EÚ v Zmluve zakladajúcej ústavu pre Európu. 
610 2 0 |a Európska únia 
610 2 0 |a politika hospodárska 
610 2 0 |a Slovensko 
610 2 0 |a ústava 
100 1 |a Okáli, Ivan